000 00587cam a22002291 4500
999 _c7870
_d7870
001 7870
003 BD-JhCC
005 20180215085607.0
008 710222s1968 njuac 000 0 eng
035 _a(BD-JhCC)7870
040 _aDLC
_cDLC
_dDLC
_dBD-JhCC
041 _aeng
050 0 0 _aGV944.U5
_bS52
082 0 0 _a796.334
_bSMI 1968
100 1 _aSmits, Ted.
245 1 4 _aThe game of soccer.
260 _aEnglewood Cliffs, N.J.,
_bPrentice-Hall
_c[1968]
300 _av, 164 p.
_billus., ports.
_c24 cm.
650 0 _aSoccer
_zUnited States.
942 _2ddc
_cBK